[Event "Lima Palma Memorial U1850 1st"]
[Site "Lima"]
[Date "2018.01.27"]
[Round "8.21"]
[White "Martel Obregon, Andre Gianpierre"]
[Black "Briceno Portilla, Paul Anderzon"]
[Result "1-0"]
[WhiteElo "1197"]
[BlackElo "1131"]
[PlyCount "21"]
[EventDate "2018.01.23"]
[EventType "swiss"]
[EventRounds "8"]
[EventCountry "PER"]
[SourceTitle "EXT 2024"]
[Source "ChessBase"]
[SourceDate "2023.10.10"]
[SourceVersion "1"]
[SourceVersionDate "2023.10.10"]
[SourceQuality "1"]

1. e4 e5 2. Nf3 Nc6 3. d4 exd4 4. Nxd4 Be7 5. Nxc6 dxc6 6. Qxd8+ Bxd8 7. Nc3 Be6 8. Bd2 Be7 9. 0-0-0 0-0-0 10. Be2 Nf6 11. Be3 1-0

[Event "Lima Palma Memorial U1850 1st"]
[Site "Lima"]
[Date "2018.01.22"]
[Round "1.8"]
[White "Martel Obregon, Andre Gianpierre"]
[Black "Caja Cruz, Gabriel"]
[Result "0-1"]
[WhiteElo "1197"]
[BlackElo "1739"]
[PlyCount "70"]
[EventDate "2018.01.23"]
[EventType "swiss"]
[EventRounds "8"]
[EventCountry "PER"]
[SourceTitle "EXT 2024"]
[Source "ChessBase"]
[SourceDate "2023.10.10"]
[SourceVersion "1"]
[SourceVersionDate "2023.10.10"]
[SourceQuality "1"]

1. d4 e5 2. dxe5 Nc6 3. Nf3 Qe7 4. Nc3 Nxe5 5. Nxe5 Qxe5 6. g3 c6 7. Bg2 d5 8. Bf4 Qe6 9. 0-0 Nf6 10. Qd2 Bc5 11. Na4 Be7 12. Qe3 Qxe3 13. Bxe3 Bf5 14. Rac1 0-0 15. Bc5 Rfe8 16. Rfe1 Bd8 17. h3 Nd7 18. Be3 Ba5 19. Rf1 Ne5 20. Bd4 Nd7 21. e3 Bd2 22. Rcd1 Bxc2 23. Rxd2 Bxa4 24. b3 Bb5 25. Rc1 Nf8 26. a4 Ba6 27. b4 Bc4 28. b5 cxb5 29. axb5 Bxb5 30. Bxd5 Re7 31. Rb1 a6 32. Ra2 Rc8 33. Bf3 Ne6 34. Bg4 Bd3 35. Rd1 Be4 0-1